Siri XP : Microsoft word 2002 : langkah demi langkah

Bibliographic Details
Main Author: ISKANDAR Ab Rashid
Other Authors: Zaitun Ismail
Format: Book
Published: Kuala Lumpur : Venton Pub. , 2002
Subjects:

MARC

LEADER 00000cam a2200000 7i4500
001 0000002315
005 20030525.0
020 0 0 |a 9832031427 
090 0 0 |a 652.55369   |b ISK 2002 
100 0 0 |a ISKANDAR Ab Rashid 
245 1 0 |a Siri XP : Microsoft word 2002 :   |b langkah demi langkah   |c Iskandar Ab Rashid, Zaitun Ismail 
260 0 0 |a Kuala Lumpur :   |b Venton Pub. ,   |c 2002 
300 |a vi, 292 p. :   |b ill. ;   |c 26 cm. 
500 0 0 |a Includes index 
650 0 0 |a Microsoft Word 
650 0 0 |a Word processing 
700 0 1 |a Zaitun Ismail 
998 |a JPSM 
999 |a 0000004234   |b Monograph   |c Open Shelf   |e Default branch